000 00895nam a22002057a 4500
999 _c2549
_d2549
003 AR-CdUCM
008 190304b ||||| |||| 00| 0 spa d
040 _aMUNICIPALIDAD PROVINCIAL DEL CUSCO
_cBIBLIOTECA MUNICIPAL DEL CUSCO
082 _a372 /
_bSE36
100 _aSegers, Jean E.
_99027
245 _aLa enseñanza de la lectura por el método global /
260 _aBuenos Aires :
_bKapelusz,
_c1950.
300 _a298 páginas ;
_c20.5 cm.
505 _aContenido: Algunos precursores: Comenio, el abate Radonvilliers, Adam, Heinich¿ke, Gedike, Trapp -- Ensayos realizados en el siglo XIX en Europa y en América -- Fundamentos psicologicos del metodo de lectura global -- Resultados de un ensayo de aplicacion de lectura global ...
650 _aLectura
_92069
650 _aEstudio - enseñanza
_99028
650 _aPedagogía en niños
_99029
942 _2ddc
_cLIBROS
945 _aafb